| 000 | 00522nam a22001817a 4500 | ||
|---|---|---|---|
| 999 |
_c524686 _d524686 |
||
| 003 | NUST | ||
| 038 | _aNUST | ||
| 082 |
_a891.421 _bMUR |
||
| 100 |
_aMurad Abadi, Raghab _915483 |
||
| 245 |
_aTarian di Lo / _bRaghab Murad Abadi. |
||
| 260 |
_aKarachi : _bIslam Publications, _c1994. |
||
| 300 |
_a146 p. ; _c18 cm. |
||
| 500 | _aHardback. | ||
| 880 |
_6100-01\r _a.راغب مراد آبادی |
||
| 880 |
_6245-02\r _aتاریاں دی لو / |
||
| 880 |
_6260-03\r _aاسلامہ پبلی کیشنز |
||
| 942 |
_2ddc _cBK |
||